| 000 | 00745nam a2200277Ia 4500 | ||
|---|---|---|---|
| 003 | OSt | ||
| 005 | 20220912150642.0 | ||
| 006 | a|||||r|||| 00| 0 | ||
| 007 | ta | ||
| 008 | 220909b |||||||| |||| 00| 0 eng d | ||
| 024 | _a29605 | ||
| 037 | _cTextual | ||
| 040 |
_aCSL _beng _cCSL |
||
| 041 | _aeng | ||
| 082 | _aB399M, M2 | ||
| 100 | _aZiegler H J W | ||
| 245 | 0 | _aVectro values nevanlinna theory | |
| 260 |
_aBoston _bPitman _c1982 |
||
| 300 |
_axiii,201p. _ccm. |
||
| 490 | _aResearch Notes in Mathematics; 73 | ||
| 500 | _aBibliography 189-96p; Appendix 168-88p | ||
| 650 | _a Vector valued | ||
| 650 | _aFunctional anlaysis | ||
| 942 |
_hB399M, M2 _cTEXL _2CC |
||
| 999 |
_c51847 _d51847 |
||